| 000 | 00773nam a22002297a 4500 | ||
|---|---|---|---|
| 999 |
_c16646 _d16646 |
||
| 003 | AR-CdUCM | ||
| 008 | 190504b ||||| |||| 00| 0 spa d | ||
| 040 |
_aMUNICIPALIDAD PROVINCIAL DEL CUSCO _cBIBLIOTECA MUNICIPAL DEL CUSCO |
||
| 082 |
_26ed. _a160.2 / _bR47 |
||
| 100 |
_aRey, Abel _936216 |
||
| 245 | _aLogica / | ||
| 260 |
_aFrancia : _bEdiciones de la lectura, |
||
| 300 |
_a534 paginas ; _c19 cm. |
||
| 500 | _aLogica | ||
| 505 | _aContenido: Concepciones de la logica -- nociones de logica formal -- procesos generales del pensamiento -- la ciencia y el espiritu cientifico... | ||
| 650 |
_aCiencia _92098 |
||
| 650 |
_aLogica _92358 |
||
| 650 |
_aHistoria _9136 |
||
| 700 |
_aBesteiro, Julian _936217 |
||
| 942 |
_2ddc _cLIBROS |
||
| 945 |
_apjha _d2019-05-04 |
||